000 00518cam a2200205 4500
001 D1212
008 090401t1980 xxu||||| |||| 00| 0 eng d
035 _a(Sirsi) u63072
041 _aeng
050 _a692.5
100 _aBanks, W.B.
245 2 _aA method for predicting changes in building costs
260 _aGarston, Watford
_bBuilding Research Establishment
_c1980
300 _a26p. 30cm
350 _a0
490 _aCurrent Paper
_v7/80
700 _aKroll, M.E.
942 _n0
948 _c04/03/1997
999 _c94505
_d94505